|
|
|
|
| LEADER |
01525nam a2200397 a 4500 |
| 001 |
EBC318322 |
| 003 |
MiAaPQ |
| 005 |
20200520144314.0 |
| 006 |
m o d | |
| 007 |
cr cn||||||||| |
| 008 |
080204s2008 maua sb 001 0 eng d |
| 010 |
|
|
|z 2008271057
|
| 015 |
|
|
|a GBA768220
|2 bnb
|
| 016 |
7 |
|
|z 013828446
|2 Uk
|
| 020 |
|
|
|z 9780123736994 (hbk.)
|
| 020 |
|
|
|z 0123736994 (hbk.)
|
| 035 |
|
|
|a (MiAaPQ)EBC318322
|
| 035 |
|
|
|a (Au-PeEL)EBL318322
|
| 035 |
|
|
|a (CaPaEBR)ebr10201837
|
| 035 |
|
|
|a (OCoLC)437191724
|
| 040 |
|
|
|a MiAaPQ
|c MiAaPQ
|d MiAaPQ
|
| 050 |
|
4 |
|a HD3857
|b .G38 2008
|
| 082 |
0 |
4 |
|a 332.6722
|2 22
|
| 100 |
1 |
|
|a Gatti, Stefano,
|d 1967-
|
| 245 |
1 |
0 |
|a Project finance in theory and practice
|h [electronic resource] :
|b designing, structuring, and financing private and public projects /
|c Stefano Gatti.
|
| 260 |
|
|
|a Burlington, MA :
|b Academic Press,
|c c2008.
|
| 300 |
|
|
|a xxi, 414 p. :
|b ill.
|
| 490 |
1 |
|
|a Academic Press advanced finance series
|
| 504 |
|
|
|a Includes bibliographical references (p. 395-399) and index.
|
| 533 |
|
|
|a Electronic reproduction. Ann Arbor, MI : ProQuest, 2015. Available via World Wide Web. Access may be limited to ProQuest affiliated libraries.
|
| 650 |
|
0 |
|a Public works
|x Finance.
|
| 650 |
|
0 |
|a Construction industry
|x Capital investments.
|
| 655 |
|
4 |
|a Electronic books.
|
| 710 |
2 |
|
|a ProQuest (Firm)
|
| 830 |
|
0 |
|a Academic Press advanced finance series.
|
| 856 |
4 |
0 |
|u https://ebookcentral.proquest.com/lib/matrademy/detail.action?docID=318322
|z Click to View
|